| 000 | 00728nam a2200241 i 4500 | ||
|---|---|---|---|
| 001 | 107357 | ||
| 003 | ES-MaACL | ||
| 005 | 20250809070332.0 | ||
| 007 | t| | ||
| 008 | 070109s1993 fr ||||1| fre d | ||
| 020 | _a2-253-06336-3 | ||
| 080 | _a133.1'276.2 | ||
| 100 | 1 |
_aVandel, Philippe. _9113048 |
|
| 245 | 1 | 3 |
_aLe dico français/français / _cPhilippe Vandel. |
| 260 |
_aParis : _bJean-Claude Lattès, _c[1993] |
||
| 300 |
_a347 p. ; _c17 cm. |
||
| 490 | 1 |
_aLe livre de poche ; _v9618 |
|
| 500 | _aBiblioteca Jacinto Martínez Lacalle. | ||
| 650 | 1 | 4 |
_aLengua francesa- _xArgots y jergas. _914200 |
| 830 | 0 | 3 |
_aLe livre de poche _v9618 _9179656 |
| 852 |
_aES-MaACL _jE-11521 _bR.139510 |
||
| 999 |
_c107357 _d107357 |
||